<?xml version="1.0" encoding="UTF-8"?>
<collection xmlns="http://www.loc.gov/MARC21/slim">
<record>
  <controlfield tag="001">251461</controlfield>
  <controlfield tag="005">20240427173257.0</controlfield>
  <datafield tag="035" ind1=" " ind2=" ">
    <subfield code="a">G:(GEPRIS)209672596</subfield>
  </datafield>
  <datafield tag="024" ind1="7" ind2=" ">
    <subfield code="a">G:(GEPRIS)209672596</subfield>
    <subfield code="d">209672596</subfield>
  </datafield>
  <datafield tag="040" ind1=" " ind2=" ">
    <subfield code="a">GEPRIS</subfield>
    <subfield code="c">http://gepris.its.kfa-juelich.de</subfield>
  </datafield>
  <datafield tag="150" ind1=" " ind2=" ">
    <subfield code="a">Graphyrine - Graphen-Porphyrin-Hybride (A02)</subfield>
    <subfield code="y">2012 - 2023</subfield>
  </datafield>
  <datafield tag="371" ind1=" " ind2=" ">
    <subfield code="a">Professor Dr. Norbert Jux</subfield>
  </datafield>
  <datafield tag="450" ind1=" " ind2=" ">
    <subfield code="a">SFB 953 A02</subfield>
    <subfield code="w">d</subfield>
    <subfield code="y">2012 - 2023</subfield>
  </datafield>
  <datafield tag="510" ind1="1" ind2=" ">
    <subfield code="a">Deutsche Forschungsgemeinschaft</subfield>
    <subfield code="0">I:(DE-588b)2007744-0</subfield>
    <subfield code="b">DFG</subfield>
  </datafield>
  <datafield tag="550" ind1=" " ind2=" ">
    <subfield code="0">G:(GEPRIS)182849149</subfield>
    <subfield code="a">SFB 953: Synthetische Kohlenstoffallotrope</subfield>
    <subfield code="w">t</subfield>
  </datafield>
  <datafield tag="680" ind1=" " ind2=" ">
    <subfield code="a">Porphyrin und Hexa-peri-hexabenzocoronen werden zum Aufbau Graphen-ähnlicher Kohlenstoffnetzwerke (Graphyrine) genutzt. Die Fünfringe erzeugen schüsselförmige Strukturen mit interessanten Eigenschaften. N-Atome und die mit ihnen einhergehende Chemie modifizieren die elektronische Struktur. Aus Hexabenzocoronenen (HBCs) und expandierten Vertretern, inklusive Heterocyclen – sogenannten Nanographenen (NG) – entstehen elektronisch, sterisch und konformationell modulierte Graphen-Modellverbindungen. Kooperationen zu photochemischen und -physikalischen Studien, Oberflächenchemie, Massenspektrometrie, Theorie und Devices sind fest eingeplant.</subfield>
  </datafield>
  <datafield tag="909" ind1="C" ind2="O">
    <subfield code="o">oai:juser.fz-juelich.de:918063</subfield>
    <subfield code="p">authority:GRANT</subfield>
    <subfield code="p">authority</subfield>
  </datafield>
  <datafield tag="980" ind1=" " ind2=" ">
    <subfield code="a">G</subfield>
  </datafield>
  <datafield tag="980" ind1=" " ind2=" ">
    <subfield code="a">AUTHORITY</subfield>
  </datafield>
  <datafield tag="909" ind1="C" ind2="O">
    <subfield code="o">oai:juser.fz-juelich.de:918063</subfield>
  </datafield>
</record>
</collection>